[Event "POLFINAL MISTRZOSTW POLSKI JUNIOROW 2019 - C17"]
[Site "Ustron"]
[Date "1899-12-30"]
[Round "6.1"]
[White "Zerebiec, Maurycy"]
[Black "Pytel, Maciej"]
[Result "1-0"]
[WhiteTitle "I"]
[BlackTitle "k"]
[WhiteElo "1825"]
[BlackElo "1949"]

1. c4 e5 2. Nc3 d6 3. g3 Be6 4. d3 Qd7 5. Bg2 Nc6 6. e4 g6 7. Be3 Bg7 8. Nd5 Nd4
9. Qd2 c6 10. Nc3 Ne7 11. Nce2 d5 12. Bxd4 exd4 13. exd5 cxd5 14. b3 O-O 15. Nf3
Bh3 16. O-O Bxg2 17. Kxg2 Nf5 18. Qb4 dxc4 19. bxc4 Bh6 20. Rab1 b6 21. Qb5 Qd6
22. Rfe1 Qf6 23. h4 Rfd8 24. Neg1 Ng7 25. Nh3 Ne6 26. Nhg5 Bxg5 27. Nxg5 Nc7 28.
Ne4 Qe6 29. Qg5 Kg7 30. h5 h6 31. Qf4 Rd7 32. Kg1 Re8 33. Re2 Qc6 34. g4 g5 35.
Qf5 Rde7 36. f4 gxf4 37. Rf1 Qe6 38. Qxf4 Qe5 39. Qxe5+ Rxe5 40. Ref2 Rf8 41.
Nd6 f6 42. Nf5+ Kh7 43. Nxd4 Rg5 44. Rg2 Rfg8 45. Rf4 Kh8 46. Re4 Re5 47. Rxe5
fxe5 48. Nf3 Re8 49. Re2 Na6 50. Rxe5 Rg8 51. g5 hxg5 52. Nxg5 Nb4 53. Kh2 Nxd3
54. Rf5 Rc8 55. h6 Nb2 56. Rf7 Nxc4 57. Rh7+ Kg8 58. Rg7+ 1-0

[Event "POLFINAL MISTRZOSTW POLSKI JUNIOROW 2019 - C17"]
[Site "Ustron"]
[Date "1899-12-30"]
[Round "6.2"]
[White "Zareba, Maciej"]
[Black "Distel, Pawel"]
[Result "1/2-1/2"]
[WhiteTitle "I"]
[BlackTitle "I"]
[WhiteElo "1796"]
[BlackElo "1809"]

1. e4 b6 2. d4 Bb7 3. Bd3 g6 4. f4 Bg7 5. Nf3 e6 6. Qe2 d5 7. f5 dxe4 8. Bxe4 Bxe4
9. Qxe4 Qd5 10. Qxd5 exd5 11. fxg6 hxg6 12. Bf4 Kd7 13. Nc3 c6 14. Rf1 f6 15.
g4 Nh6 16. g5 Nf5 17. gxf6 Bxf6 18. Ne5+ Bxe5 19. Bxe5 Rh4 20. Kd2 Na6 21. Ne2
Re8 22. c3 Nc5 23. dxc5 Rxe5 24. Rf2 bxc5 25. Nf4 Rg4 26. Nd3 Re7 27. Nxc5+ Kc7
28. Nd3 Nd6 29. Kc2 Rh7 30. Raf1 Nf5 31. Kd2 Rgh4 32. Nf4 Nd6 33. Nxg6 Ne4+ 34.
Kc1 Rxh2 35. Rxh2 Rxh2 36. Ne5 Nd6 1/2-1/2

[Event "POLFINAL MISTRZOSTW POLSKI JUNIOROW 2019 - C17"]
[Site "Ustron"]
[Date "1899-12-30"]
[Round "6.3"]
[White "Michalowski, Patryk"]
[Black "Kulesza, Andrzej"]
[Result "0-1"]
[WhiteTitle "I"]
[BlackTitle "I+"]
[WhiteElo "1769"]
[BlackElo "1971"]

1. e4 c5 2. Nf3 a6 3. c3 Nf6 4. e5 Nd5 5. d4 e6 6. Be2 cxd4 7. cxd4 b5 8. O-O d6
9. Nc3 Bb7 10. Bd2 dxe5 11. Nxe5 Be7 12. Nxd5 Bxd5 13. Bd3 Nd7 14. Qg4 O-O 15.
Bh6 Bf6 16. Qh3 Re8 17. Bd2 g6 18. Nxf7 Kxf7 19. Qxh7+ Bg7 20. Bxg6+ Kf8 21. Bh6
Qf6 22. Bxg7+ Qxg7 23. Qxg7+ Kxg7 24. Bxe8 Rxe8 25. Rfc1 Kf6 26. Rc7 Nb8 27. a3
Nc6 28. Rd1 Rg8 29. g3 Rd8 30. Rd2 Bf3 31. d5 Ne5 32. Rc3 exd5 33. Rd4 Ke6 34.
Re3 Rc8 35. Re1 Rc2 36. Rd3 Be4 37. Rde3 Kf5 38. Kf1 Nf3 39. Rd1 Nxh2+ 40. Kg1
Nf3+ 41. Kg2 d4 42. Rxf3+ Bxf3+ 43. Kxf3 Ke5 44. Re1+ Kd5 45. Re2 d3 46. Re8 Rxb2
47. Ke3 Re2+ 48. Kd4+ Ke5+ 0-1

[Event "POLFINAL MISTRZOSTW POLSKI JUNIOROW 2019 - C17"]
[Site "Ustron"]
[Date "1899-12-30"]
[Round "6.4"]
[White "Grochol, Kamil"]
[Black "Iwanczuk, Krzysztof"]
[Result "1/2-1/2"]
[WhiteTitle "I"]
[BlackTitle "I"]
[WhiteElo "1896"]
[BlackElo "1857"]

1. d4 Nf6 2. Bf4 d5 3. e3 c5 4. c3 Nc6 5. Nd2 Bf5 6. Qb3 Qd7 7. Ngf3 c4 8. Qd1
e6 9. Be2 h6 10. O-O Bd6 11. Bxd6 Qxd6 12. b3 cxb3 13. Qxb3 O-O 14. c4 Na5 15.
Qb5 Nxc4 16. Nxc4 dxc4 17. Bxc4 Rfc8 18. a4 Ne4 19. Rfc1 Qe7 20. Bf1 g5 21. Ne5
g4 22. Qd7 Qxd7 23. Nxd7 Nd2 24. Be2 Nb3 25. Rxc8+ Rxc8 26. Re1 Kg7 27. f3 gxf3
28. Bxf3 Rc4 29. Nc5 Nxc5 30. dxc5 Rxc5 31. Bxb7 e5 32. Rd1 Be6 33. Rd6 a5 34.
Bc6 Bb3 35. Bb5 Rc1+ 36. Kf2 Ra1 37. Ra6 Ra2+ 38. Kf1 Bxa4 39. Rxa5 Bxb5+ 40.
Rxb5 f6 41. Rb1 Kg6 42. Re1 Kf5 43. Re2 Ra1+ 44. Kf2 Ke4 45. Rb2 Ra4 46. Re2 Ra3
1/2-1/2

[Event "POLFINAL MISTRZOSTW POLSKI JUNIOROW 2019 - C17"]
[Site "Ustron"]
[Date "1899-12-30"]
[Round "6.5"]
[White "Cisek, Kamil"]
[Black "Maciejewski, Kamil"]
[Result "1/2-1/2"]
[WhiteTitle "I+"]
[BlackTitle "I+"]
[WhiteElo "1963"]
[BlackElo "2007"]

1. d4 Nf6 2. c4 e6 3. g3 d5 4. Bg2 Bb4+ 5. Bd2 Be7 6. Nf3 O-O 7. Qc2 c6 8. O-O
b6 9. Bf4 Ba6 10. b3 Nbd7 11. Ne5 Rc8 12. Qb2 Nh5 13. Rd1 Nxf4 14. gxf4 Qc7 15.
Nd2 Rfd8 16. Rac1 f6 17. Nxd7 Qxd7 18. Nf1 Bd6 19. e3 Qe7 20. Rc2 Bb7 21. Ng3
g6 22. Re2 Ba6 23. Rc2 Kf7 24. a4 h5 25. Kh1 h4 26. Ne2 Rh8 27. Qb1 Rcg8 28. Bf3
g5 29. fxg5 fxg5 30. Bg4 Bb8 31. cxd5 cxd5 32. Rc6 Bc8 33. e4 Bd7 34. Rc3 dxe4
35. Qxe4 Qd6 36. f4 gxf4 37. Bf3 Rg5 38. Ng1 Rhg8 39. Nh3 Rf5 40. Qe2 Kf6 41.
Qf2 Rh8 42. Rg1 Qb4 43. Qg2 Ke7 44. Qg7+ Rf7 45. Qxh8 Qxc3 46. Qxh4+ Kd6 47. Qh5
Rf5 48. Qg4 Bc6 49. Bxc6 Qxc6+ 50. Qg2 Qxg2+ 51. Kxg2 Kd5 52. Rd1 f3+ 53. Kf2
Bxh2 54. Rh1 Bd6 55. Rd1 Be7 56. Ke3 Bf6 57. Nf4+ Kd6 58. Ke4 Bg5 59. Nd3 Rf8
60. Rf1 Bh6 61. Rxf3 Rxf3 62. Kxf3 Kd5 63. Nb4+ Kxd4 64. Nc6+ Kd3 65. b4 a6 66.
a5 bxa5 67. bxa5 Bg7 68. Nb4+ Kc4 69. Nxa6 Kb5 70. Nc7+ Kxa5 71. Nxe6 1/2-1/2

[Event "POLFINAL MISTRZOSTW POLSKI JUNIOROW 2019 - C17"]
[Site "Ustron"]
[Date "1899-12-30"]
[Round "6.6"]
[White "Dytman, Radoslaw"]
[Black "Rogala, Milosz"]
[Result "1/2-1/2"]
[WhiteTitle "I"]
[BlackTitle "II+"]
[WhiteElo "1758"]
[BlackElo "1812"]

1. Nf3 Nf6 2. g3 d5 3. Bg2 c6 4. d3 Bg4 5. Nbd2 Nbd7 6. O-O e5 7. e4 dxe4 8. dxe4
Be7 9. h3 Bh5 10. Qe1 O-O 11. b3 Qc7 12. Bb2 Ne8 13. Nc4 f6 14. Ne3 Nd6 15. Nh4
Bf7 16. Nhf5 Nxf5 17. Nxf5 Bc5 18. Rd1 Rfd8 19. Qe2 a5 20. a3 Bf8 21. f4 a4 22.
b4 b5 23. Qg4 g6 24. Nh4 Nb6 25. fxe5 fxe5 26. Nf3 Nc4 27. Bc1 Rxd1 28. Rxd1 Rd8
29. Ng5 Rxd1+ 30. Qxd1 h6 31. Nf3 Qb6+ 32. Kh2 c5 33. c3 cxb4 34. cxb4 Qc7 35.
Qe2 Qd6 36. Nd2 Nxd2 37. Qxd2 Qxd2 38. Bxd2 Bc4 39. Kg1 h5 40. Bf1 Bxf1 41. Kxf1
Kf7 42. Kf2 Bd6 43. Kf3 Kf6 44. g4 hxg4+ 45. Kxg4 Bc7 1/2-1/2

[Event "POLFINAL MISTRZOSTW POLSKI JUNIOROW 2019 - C17"]
[Site "Ustron"]
[Date "1899-12-30"]
[Round "6.7"]
[White "Kukula, Karol"]
[Black "Majocha, Piotr"]
[Result "1/2-1/2"]
[WhiteTitle "I"]
[BlackTitle "I++"]
[WhiteElo "1757"]
[BlackElo "1803"]

1. e4 e6 2. d4 d5 3. Nd2 Nf6 4. Bd3 c5 5. c3 cxd4 6. cxd4 dxe4 7. Nxe4 Bb4+ 8.
Nc3 O-O 9. Nf3 Bd7 10. O-O Bc6 11. Ne5 Bxc3 12. bxc3 Qd5 13. Nxc6 Nxc6 14. Qe2
h6 15. Rb1 a6 16. Be3 b5 17. c4 bxc4 18. Bxc4 Qa5 19. Rfc1 Ne7 20. Bd2 Qd8 21.
Bxa6 Qxd4 22. Bc3 Qe4 23. Bxf6 Qxe2 24. Bxe2 gxf6 25. Bc4 Nf5 26. g3 Rfc8 27.
Kg2 Kg7 28. Bb3 Rxc1 29. Rxc1 Nd4 30. Rc4 Nxb3 31. axb3 Ra2 32. h4 f5 33. Kf3
Rb2 34. Rb4 Kg6 35. Rb5 Kf6 36. Rb6 Kg6 37. Rb5 1/2-1/2

[Event "POLFINAL MISTRZOSTW POLSKI JUNIOROW 2019 - C17"]
[Site "Ustron"]
[Date "1899-12-30"]
[Round "6.8"]
[White "Ossolinski, Ziemowit"]
[Black "Namyslak, Piotr"]
[Result "1/2-1/2"]
[WhiteTitle "I+"]
[BlackTitle "I"]
[WhiteElo "1765"]
[BlackElo "1725"]

1. Nf3 d5 2. d4 f5 3. c4 c6 4. Nc3 Nf6 5. Bf4 e6 6. e3 Qa5 7. Bd3 Bb4 8. O-O Bxc3
9. bxc3 Qxc3 10. c5 Qa5 11. Bd6 h6 12. Ne5 Nbd7 13. Ng6 Rg8 14. Qc2 Kf7 15. Nh4
Ne4 16. Bxe4 dxe4 17. Qc4 Qb5 18. Qxb5 cxb5 19. g3 Nf6 20. a4 Bd7 21. Rfb1 a6
22. Ng2 Nd5 23. axb5 axb5 24. Nf4 Nc3 25. Rc1 Rxa1 26. Rxa1 g5 27. c6 Bxc6 28.
Ng2 Nd5 29. Ne1 Nb6 30. Nc2 Ra8 31. Rb1 Nc4 32. Bc5 Ra2 33. Nb4 Ra4 34. Nc2 Nd2
35. Rd1 Nf3+ 36. Kg2 h5 37. h3 Ra8 38. Nb4 h4 39. Bd6 Ra4 1/2-1/2

[Event "POLFINAL MISTRZOSTW POLSKI JUNIOROW 2019 - C17"]
[Site "Ustron"]
[Date "1899-12-30"]
[Round "6.9"]
[White "Skowron, Mateusz"]
[Black "Wierzbicki, Michal"]
[Result "0-1"]
[WhiteTitle "I"]
[BlackTitle "I++"]
[WhiteElo "1582"]
[BlackElo "1969"]

1. e4 e6 2. d4 d5 3. Nd2 Nc6 4. c3 e5 5. Bb5 exd4 6. cxd4 dxe4 7. Nxe4 Bb4+ 8.
Nc3 Nf6 9. Nge2 O-O 10. O-O Ne7 11. Bg5 Ned5 12. Qb3 Be7 13. Rfe1 c6 14. Bc4 Nb6
15. Bd3 h6 16. Bh4 Be6 17. Qc2 Nbd5 18. a3 Re8 19. Na4 Bd6 20. Bg3 Bxg3 21. hxg3
Ng4 22. Nc5 Qg5 23. Nxe6 Rxe6 24. Bf5 Rf6 25. Bxg4 Qxg4 26. Rad1 Re6 27. Qd2 Rae8
28. Rc1 Rxe2 29. Rxe2 Qxe2 30. Qxe2 Rxe2 0-1

[Event "POLFINAL MISTRZOSTW POLSKI JUNIOROW 2019 - C17"]
[Site "Ustron"]
[Date "1899-12-30"]
[Round "6.10"]
[White "Gazda, Dominik"]
[Black "Bojczewski, Mateusz"]
[Result "1/2-1/2"]
[WhiteTitle "I"]
[BlackTitle "I+"]
[WhiteElo "1640"]
[BlackElo "1895"]

1. e4 c6 2. d3 d5 3. Nd2 g6 4. Ngf3 Bg7 5. g3 Nf6 6. Bg2 O-O 7. e5 Nfd7 8. d4 c5
9. c3 cxd4 10. cxd4 Nc6 11. O-O b6 12. Nb1 Ba6 13. Re1 Qc8 14. Nc3 e6 15. Bf4
Nb4 16. Re3 Qb7 17. a3 Nc6 18. b4 Bc4 19. Rc1 b5 20. h4 a5 21. h5 axb4 22. axb4
Rfe8 23. hxg6 hxg6 24. Rb1 Bf8 25. Nh4 Bxb4 26. Qg4 Nf8 27. Rxb4 Nxb4 28. Bg5
Nh7 29. Bf6 Nxf6 30. exf6 Kh7 31. Nf3 Ra1+ 32. Kh2 Rh8 33. Rxe6 Kg8+ 34. Bh3 Qd7
35. Ng5 Bf1 36. Re7 Bxh3 37. Qxd7 Bxd7+ 38. Kg2 Ra7 39. Nxb5 Nc6 40. Re1 Ra5 41.
Nd6 Be6 42. Nxe6 fxe6 43. Rxe6 Ra8 44. g4 Nxd4 45. Re7 Rh7 46. f7+ Rxf7 47. Nxf7
Kf8 48. Rd7 Ne6 49. Ne5 Ke8 50. Rh7 Nf8 51. Rg7 Ra6 52. Kf3 Re6 53. Kf4 Ra6 54.
Ke3 Ra3+ 1/2-1/2

[Event "POLFINAL MISTRZOSTW POLSKI JUNIOROW 2019 - C17"]
[Site "Ustron"]
[Date "1899-12-30"]
[Round "6.11"]
[White "Wloch, Mikolaj"]
[Black "Kukorowski, Jan"]
[Result "1-0"]
[WhiteTitle "I"]
[BlackTitle "I+"]
[WhiteElo "1868"]
[BlackElo "1837"]

1. e4 c5 2. Nf3 Nc6 3. d4 cxd4 4. Nxd4 Nf6 5. Nc3 d6 6. Bg5 e6 7. Qd2 a6 8. O-O-O
Bd7 9. f4 b5 10. a3 Be7 11. Nf3 b4 12. axb4 Nxb4 13. Bc4 Rb8 14. Bb3 Qb6 15. e5
Nfd5 16. Nxd5 Nxd5 17. Bxe7 Kxe7 18. exd6+ Kxd6 19. Ne5 Ke7 20. Nxd7 Kxd7 21.
Qd4 Qxd4 22. Rxd4 Rb4 23. Rxb4 Nxb4 24. Rd1+ Kc7 25. c3 Nc6 26. Bc4 Ra8 27. Kc2
Ra7 28. Bd3 h6 29. Be4 g6 30. g4 f5 31. gxf5 exf5 32. Bd3 Ne7 33. Bc4 a5 34. Be6
Kc6 35. Bf7 Ra8 36. h4 Rf8 37. Bb3 Rf6 38. Re1 Nc8 39. Re5 Kb6 40. c4 Rc6 41.
Rb5+ Ka6 42. Kd3 Nd6 43. Rd5 Ne4 44. Ke3 Rb6 45. Bc2 Nf6 46. Rd8 Rxb2 47. Bd3
Kb7 48. Rf8 Ng4+ 49. Kd4 Rf2 50. Rf7+ Kc6 51. Ra7 Rxf4+ 52. Kc3 Kb6 53. Re7 Rf3
54. Kd4 Rf4+ 55. Kd5 a4 56. c5+ Ka5 57. c6 a3 58. Kc5 1-0

[Event "POLFINAL MISTRZOSTW POLSKI JUNIOROW 2019 - C17"]
[Site "Ustron"]
[Date "1899-12-30"]
[Round "6.12"]
[White "Marciniak, Leonard"]
[Black "Kozlowski, Pawel"]
[Result "1/2-1/2"]
[WhiteTitle "I+"]
[BlackTitle "I"]
[WhiteElo "1634"]
[BlackElo "1850"]

1. d4 e6 2. c4 f5 3. g4 fxg4 4. e4 d6 5. Nc3 Nc6 6. Be3 Nf6 7. h3 e5 8. d5 Nd4
9. Bxd4 exd4 10. Qxd4 g6 11. hxg4 Bxg4 12. f3 Bd7 13. O-O-O Bg7 14. Kb1 Nh5 15.
Qe3 Be5 16. Nge2 Qf6 17. Bh3 Bxh3 18. Rxh3 Nf4 19. Nxf4 Bxf4 20. Qd3 O-O-O 21.
Nb5 a6 22. Nd4 Be5 23. Ne6 Rdg8 24. Qb3 g5 25. c5 dxc5 26. Nxc5 b5 27. d6 Bxd6
28. Qd5 Kd8 29. e5 Qf5+ 30. Qe4 Qxe4+ 31. fxe4 g4 32. Rh6 Ke7 33. exd6+ cxd6 34.
Rdxd6 Rd8 35. e5 g3 36. Rh1 g2 37. Rg1 Rxd6 38. exd6+ Kxd6 39. Nd3 Rg8 40. Ne1
Re8 41. Kc1 Kc5 42. Kd2 Rg8 43. Ke3 Re8+ 44. Kf2 Rd8 45. Nf3 Rg8 46. Nh4 Rd8 47.
Rc1+ Kb6 48. Rc2 g1=Q+ 49. Kxg1 Rf8 50. Kg2 b4 51. Nf3 a5 52. Ne5 Kb5 53. Nd3
Rd8 54. Nf4 a4 55. Kf3 Rd1 56. b3 axb3 57. axb3 Rb1 58. Nd3 Rxb3 59. Ke4 Ra3 60.
Nxb4 1/2-1/2

[Event "POLFINAL MISTRZOSTW POLSKI JUNIOROW 2019 - C17"]
[Site "Ustron"]
[Date "1899-12-30"]
[Round "6.13"]
[White "Sandomierski, Cyprian"]
[Black "Tomkowicz, Kamil"]
[Result "0-1"]
[WhiteTitle "I"]
[BlackTitle "I"]
[WhiteElo "1645"]
[BlackElo "1616"]

1. e4 e5 2. Nf3 Nc6 3. d4 exd4 4. Bc4 Bb4+ 5. c3 dxc3 6. bxc3 Ba5 7. Qb3 Qe7 8.
O-O d6 9. e5 Nxe5 10. Nxe5 Qxe5 11. Bxf7+ Kf8 12. Bb2 Qe7 13. Bxg8 Rxg8 14. Na3
Bb6 15. Rae1 Qf7 16. Re2 Qxb3 17. axb3 Bd7 18. Rfe1 Re8 19. Re4 Rxe4 20. Rxe4
Bc6 21. Rf4+ Ke7 22. Nc4 Rf8 23. Rxf8 Kxf8 24. Nxb6 axb6 25. f3 Bd5 26. b4 Kf7
27. Kf2 g6 28. h4 Ke6 29. g4 h5 30. Kg3 Bb3 31. Kf4 hxg4 32. fxg4 Kd5 33. h5 gxh5
34. gxh5 Kc4 35. Ke3 Bc2 36. Kd2 Bf5 37. Kc1 Kb3 38. Ba1 b5 39. Bb2 b6 40. Ba1
Ka2 41. Bb2 Bh7 42. c4 bxc4 43. Bf6 Kb3 44. Bd8 Kxb4 45. Bxc7 Kc5 46. Kb2 b5 47.
Bd8 b4 48. Bf6 d5 49. Be7+ Kb5 50. h6 d4 51. Bg5 c3+ 52. Kb3 Bg8+ 53. Kc2 Kc4
54. Bf6 Bh7+ 55. Kc1 b3 0-1

[Event "POLFINAL MISTRZOSTW POLSKI JUNIOROW 2019 - C17"]
[Site "Ustron"]
[Date "1899-12-30"]
[Round "6.14"]
[White "Lambrecht, Tomasz"]
[Black "Bujalski, Mateusz"]
[Result "0-1"]
[WhiteTitle "I"]
[BlackTitle "I"]
[WhiteElo "1745"]
[BlackElo "1650"]

1. d4 d5 2. c4 c6 3. Nf3 Nf6 4. Nc3 dxc4 5. a4 Bf5 6. e3 e6 7. Bxc4 Bb4 8. O-O
Nbd7 9. Qe2 Qc7 10. e4 Bg6 11. Bd3 e5 12. dxe5 Nxe5 13. Nxe5 Qxe5 14. f4 Qa5 15.
h3 h6 16. Bd2 O-O 17. f5 Bh7 18. Rf3 Rfe8 19. g4 Rad8 20. Kh1 Qe5 21. Rd1 Qe7
22. g5 Bxc3 23. gxf6 Bxf6 24. Rg1 Kh8 25. Be1 Qd7 26. Qg2 Rg8 27. Bg3 Qd4 28.
b3 b6 29. Bc2 Qc5 30. Re1 Rge8 31. Rf2 Rd7 32. Rfe2 Bc3 33. Rg1 Rg8 34. e5 f6
35. e6 Re7 36. Rd1 Bd4 37. Re4 Rd8 38. Rg4 Ree8 39. Qe4 Bf2 40. Rxd8 Rxd8 41.
e7 Re8 42. Bxf2 Qxf2 43. Rg2 Qc5 44. Re2 Bg8 45. Kh2 Qd6+ 46. Kg1 Bd5 47. Qe3
Kg8 48. Be4 Kf7 49. Bxd5+ Qxd5 50. Qe6+ Qxe6 51. Rxe6 c5 52. a5 g6 53. axb6 gxf5
54. Rc6 axb6 55. Rxb6 Rxe7 56. Kf2 Kg6 57. b4 cxb4 58. Rxb4 Re4 59. Rb8 h5 60.
Rg8+ Kf7 61. Rh8 h4 62. Rh5 Ke6 63. Kf3 Ra4 64. Rh8 Kf7 65. Rh5 Kg6 66. Rh8 Ra3+
67. Kg2 Kg5 68. Rg8+ Kf4 69. Rg6 Rg3+ 70. Rxg3 hxg3 71. h4 Kg4 72. h5 Kxh5 73.
Kxg3 Kg5 74. Kf3 f4 75. Kf2 Kf5 76. Kf3 Ke5 77. Kf2 Ke4 78. Ke2 f3+ 79. Kf2 Kf4
80. Kg1 Ke3 81. Kh1 Ke2 0-1

[Event "POLFINAL MISTRZOSTW POLSKI JUNIOROW 2019 - C17"]
[Site "Ustron"]
[Date "1899-12-30"]
[Round "6.16"]
[White "Golinski, Kacper"]
[Black "Wilgosz, Jan"]
[Result "1-0"]
[WhiteTitle "I"]
[BlackTitle "II"]
[WhiteElo "1736"]
[BlackElo "1477"]

1. e4 e5 2. Nf3 Nc6 3. Bb5 a6 4. Bxc6 dxc6 5. h3 Qd6 6. O-O Be6 7. d3 f6 8. Be3
O-O-O 9. Nc3 c5 10. a3 g5 11. Nh2 h5 12. b4 cxb4 13. axb4 Qxb4 14. Qd2 g4 15.
Rfb1 Qe7 16. Na4 gxh3 17. Bc5 Qg7 18. g3 h4 19. Nf1 hxg3 20. Nxg3 Bg4 21. Kh2
Qg5 22. Qb4 Qf4 23. Qxb7+ Kd7 24. Be3 Qf3 25. Rg1 Bh6 26. Ba7 Bf4 27. Bb6 Nh6
28. Qxc7+ Ke8 29. Qxd8+ Kf7 30. Qxh8 Bf5 31. exf5 Ng4+ 32. Kxh3 Nxf2+ 33. Bxf2
Qxf2 34. Qh7+ Kf8 35. Rab1 Qxg3+ 36. Rxg3 Bxg3 37. Rb8# 1-0

[Event "POLFINAL MISTRZOSTW POLSKI JUNIOROW 2019 - C17"]
[Site "Ustron"]
[Date "1899-12-30"]
[Round "6.17"]
[White "Zolkiewski, Jakub"]
[Black "Grzegorski, Michal"]
[Result "0-1"]
[WhiteTitle "I"]
[BlackTitle "I"]
[WhiteElo "1752"]
[BlackElo "1747"]

1. d4 Nf6 2. c4 e6 3. Nf3 c5 4. d5 b5 5. dxe6 fxe6 6. e3 bxc4 7. Bxc4 d5 8. Bb5+
Bd7 9. Bxd7+ Qxd7 10. O-O Bd6 11. Nc3 Nc6 12. Re1 Ne5 13. e4 d4 14. Nxe5 Bxe5
15. Na4 Qc6 16. f4 Bc7 17. Qc2 Bb6 18. Qc4 O-O 19. f5 Rae8 20. fxe6 Qxe6 21. Qxe6+
Rxe6 22. e5 Ng4 23. Re4 Rxe5 24. Rxe5 Nxe5 25. Nxb6 axb6 26. b3 Kf7 27. Bd2 Ke6
28. Rf1 Rxf1+ 29. Kxf1 b5 30. a4 bxa4 31. bxa4 Kd5 32. Ke2 Kc4 33. h3 Nc6 34.
g4 Kb3 35. a5 c4 36. Kd1 c3 37. Bf4 Nxa5 38. h4 d3 39. h5 Nc6 40. g5 Nd4 41. g6
hxg6 42. hxg6 Ne2 0-1

[Event "POLFINAL MISTRZOSTW POLSKI JUNIOROW 2019 - C17"]
[Site "Ustron"]
[Date "1899-12-30"]
[Round "6.18"]
[White "Kocierz, Pawel"]
[Black "Drozdzal, Michal"]
[Result "1-0"]
[WhiteTitle "II"]
[BlackTitle "II+"]
[WhiteElo "1350"]
[BlackElo "1509"]

1. Nf3 Nf6 2. g3 g6 3. Bg2 Bg7 4. O-O O-O 5. c4 c5 6. d4 cxd4 7. Nxd4 Nc6 8. Nc3
Qb6 9. Nb3 d6 10. Be3 Qd8 11. Nd5 Ng4 12. Bc1 Bd7 13. e4 Nge5 14. Qe2 f5 15. f4
Nf7 16. Be3 Rc8 17. c5 e6 18. Nc3 Na5 19. cxd6 Nxd6 20. e5 Ndc4 21. Rfd1 Nxe3
22. Qxe3 Nc4 23. Qe2 Qb6+ 24. Kh1 Bc6 25. Rd4 Bxg2+ 26. Kxg2 Qc6+ 27. Kg1 Nxb2
28. Rc1 Nc4 29. Nd1 b5 30. Ne3 Qb6 31. Nxc4 bxc4 32. Rcxc4 Rxc4 33. Qxc4 Rd8 34.
Kf1 Rxd4 35. Qxd4 Bf8 36. Qxb6 axb6 37. Ke2 Kf7 38. Kd3 b5 39. Nd4 Bc5 40. h3
b4 41. Kc4 Bb6 42. Ne2 h5 43. h4 b3 44. axb3 Ke7 45. Kb5 Bf2 46. b4 Kd7 47. Ka6
Kc7 48. b5 Bb6 49. Nc3 Bf2 50. Na4 Bxg3 51. b6+ Kc8 52. b7+ Kb8 53. Nc5 Bxf4 54.
Nd7+ Kc7 1-0

[Event "POLFINAL MISTRZOSTW POLSKI JUNIOROW 2019 - C17"]
[Site "Ustron"]
[Date "1899-12-30"]
[Round "6.20"]
[White "Drygas, Wojciech"]
[Black "Bienias, Michal"]
[Result "1-0"]
[WhiteTitle "II"]
[BlackTitle "III"]
[WhiteElo "1477"]
[BlackElo "1285"]

1. e4 e5 2. Nf3 Nc6 3. d4 exd4 4. Bc4 d5 5. exd5 Na5 6. Qxd4 Nxc4 7. Qxc4 Nf6 8.
Nc3 Bg4 9. Be3 Bd6 10. O-O-O a6 11. Ne4 Bf5 12. Nxf6+ Qxf6 13. Bg5 Qg6 14. Rhe1+
Kf8 15. Bf4 Rc8 16. Nh4 Bxf4+ 17. Qxf4 Qh6 18. Qxh6 1-0

[Event "POLFINAL MISTRZOSTW POLSKI JUNIOROW 2019 - C17"]
[Site "Ustron"]
[Date "1899-12-30"]
[Round "6.21"]
[White "Kucza, Arkadiusz"]
[Black "Rudzinski, Damian"]
[Result "1/2-1/2"]
[WhiteTitle "II"]
[BlackTitle "II"]
[WhiteElo "1384"]
[BlackElo "1015"]

1. e4 d6 2. d4 Nf6 3. Nd2 g6 4. Ngf3 Bg7 5. Be2 O-O 6. O-O c5 7. c3 Nbd7 8. b3
e5 9. Bb2 Ne8 10. d5 f5 11. Ne1 f4 12. Bg4 Kh8 13. a4 Ndf6 14. Bf3 Rg8 15. b4
b6 16. a5 Bd7 17. axb6 axb6 18. Rxa8 Qxa8 19. h4 h5 20. g3 Bh6 21. Ng2 Bg4 22.
Bc1 g5 23. Bxg4 Nxg4 24. f3 Ne3 25. Nxe3 fxe3 26. Nc4 gxh4 27. Nxe3 Rxg3+ 28.
Kf2 Qa2+ 29. Nc2 Bxc1 30. Qxc1 Nf6 31. Qd2 cxb4 32. Ra1 Qb3 33. Nxb4 Qc4 34. Qh6+
Nh7 35. Ra8+ Rg8 36. Rxg8+ Kxg8 37. Qxd6 Qxc3 38. Qxb6 Qd2+ 39. Kf1 Qc1+ 40. Kg2
Qd2+ 41. Kh1 Qd1+ 42. Qg1+ Qxg1+ 43. Kxg1 Kg7 44. Kg2 Kg6 45. d6 Nf6 46. Nd3 Nd7
47. Kh2 Kf6 48. Nb2 Kg5 49. Nd3 Kf6 50. Kh3 Kg5 51. Ne1 Nc5 52. Ng2 Nd7 53. Nxh4
Kf4 54. Kg2 Kg5 55. Kg3 Kf6 56. Nf5 Kg5 57. Nh4 Nf6 58. Ng2 Nd7 59. f4+ exf4+
60. Nxf4 h4+ 61. Kf3 Kf6 62. Nd3 Ke6 63. e5 Nxe5+ 64. Nxe5 Kxd6 1/2-1/2

[Event "POLFINAL MISTRZOSTW POLSKI JUNIOROW 2019 - C17"]
[Site "Ustron"]
[Date "1899-12-30"]
[Round "7.1"]
[White "Zareba, Maciej"]
[Black "Zerebiec, Maurycy"]
[Result "0-1"]
[WhiteTitle "I"]
[BlackTitle "I"]
[WhiteElo "1796"]
[BlackElo "1825"]

1. e4 e6 2. d4 d5 3. exd5 exd5 4. Bd3 Bd6 5. Qf3 c6 6. Bf4 Nf6 7. Nc3 Bg4 8. Qe3+
Be7 9. f3 Bh5 10. g4 Bg6 11. h4 Bxd3 12. Qxd3 O-O 13. O-O-O Bd6 14. Bd2 Qc7 15.
h5 Bf4 16. Nge2 Bxd2+ 17. Qxd2 Ne8 18. Rdg1 Nd6 19. Qf4 Na6 20. h6 g6 21. g5 Nf5
22. Rg4 Qxf4+ 23. Rxf4 Rae8 24. Kd2 Nc7 25. b3 f6 26. gxf6 Rxf6 27. Rg4 Ne6 28.
Nd1 Nd8 29. Ng3 Ref8 30. Nh5 R6f7 31. c3 Nxh6 32. Nf6+ Kg7 33. Rgh4 Nf5 34. Nxh7
Nxh4 35. Nxf8 Nxf3+ 0-1

[Event "POLFINAL MISTRZOSTW POLSKI JUNIOROW 2019 - C17"]
[Site "Ustron"]
[Date "1899-12-30"]
[Round "7.2"]
[White "Distel, Pawel"]
[Black "Kulesza, Andrzej"]
[Result "1/2-1/2"]
[WhiteTitle "I"]
[BlackTitle "I+"]
[WhiteElo "1809"]
[BlackElo "1971"]

1. e4 e5 2. Nf3 Nc6 3. Bb5 a6 4. Ba4 Nf6 5. d3 b5 6. Bb3 Bc5 7. O-O d6 8. c3 Ba7
9. Re1 O-O 10. Nbd2 Bb7 11. Nf1 Nb8 12. Bg5 Nbd7 13. Ng3 h6 14. Be3 Bxe3 15. Rxe3
g6 16. d4 c5 17. dxe5 dxe5 18. Bd5 Nxd5 19. exd5 Re8 20. Ne4 Qe7 21. c4 bxc4 22.
Nc3 f5 23. Qe2 Qd6 24. Qxc4 e4 25. Nh4 Nb6 26. Qb3 c4 27. Qd1 Qf6 28. Nxg6 f4
29. Nxf4 Qxf4 30. Qd4 Qc7 31. Rg3+ Kh7 32. Qf6 1/2-1/2

[Event "POLFINAL MISTRZOSTW POLSKI JUNIOROW 2019 - C17"]
[Site "Ustron"]
[Date "1899-12-30"]
[Round "7.3"]
[White "Maciejewski, Kamil"]
[Black "Iwanczuk, Krzysztof"]
[Result "0-1"]
[WhiteTitle "I+"]
[BlackTitle "I"]
[WhiteElo "2007"]
[BlackElo "1857"]

1. Nf3 d5 2. g3 Nf6 3. Bg2 Bf5 4. O-O e6 5. c4 c6 6. cxd5 exd5 7. d3 Nbd7 8. Nc3
Bc5 9. Qb3 Qb6 10. Qc2 O-O 11. Na4 Qa5 12. Nxc5 Qxc5 13. Qxc5 Nxc5 14. Be3 Ncd7
15. Nh4 Be6 16. f4 Bg4 17. Nf3 Rfe8 18. Kf2 Re7 19. Bd2 Rae8 20. Rfe1 Bf5 21.
h3 h6 22. b4 Bh7 23. a4 b6 24. Nd4 Rc8 25. Rac1 c5 26. Nb3 c4 27. Rc3 b5 28. axb5
Nb6 29. dxc4 Nxc4 30. Na5 Be4 31. Nxc4 dxc4 32. e3 Bxg2 33. Kxg2 Nd5 34. Rc2 c3
35. Kf2 Nxb4 36. Rxc3 Rxc3 37. Bxc3 Nd3+ 38. Kf3 Nxe1+ 39. Bxe1 Rb7 40. Ke4 Rxb5
41. Kd4 Rb1 42. Ba5 Rh1 43. f5 Rxh3 44. Bc7 Rh1 45. e4 Kf8 46. Kd5 Ke7 47. e5
Rd1+ 48. Ke4 Kd7 49. Ba5 Rg1 50. Kf4 Ra1 51. Bc3 Ra4+ 52. Ke3 Ra3 53. Kd4 Rxc3
54. Kxc3 Kc6 55. Kd4 a5 56. g4 a4 57. Kc4 a3 58. Kb3 Kd5 59. f6 gxf6 60. exf6
Ke5 0-1

[Event "POLFINAL MISTRZOSTW POLSKI JUNIOROW 2019 - C17"]
[Site "Ustron"]
[Date "1899-12-30"]
[Round "7.4"]
[White "Pytel, Maciej"]
[Black "Grochol, Kamil"]
[Result "1-0"]
[WhiteTitle "k"]
[BlackTitle "I"]
[WhiteElo "1949"]
[BlackElo "1896"]

1. f4 d5 2. Nf3 Bg4 3. Ne5 Bh5 4. c4 f6 5. Qa4+ c6 6. Nf3 e6 7. Nc3 Nd7 8. cxd5
exd5 9. Nd4 Nc5 10. Qc2 a5 11. g3 Qd7 12. Bg2 Bg6 13. d3 Bd6 14. O-O Ne7 15. Nf3
f5 16. Be3 Ne6 17. Na4 Nc8 18. Bf2 O-O 19. Rad1 Re8 20. a3 Bh5 21. Nh4 g6 22.
Bf3 Bxf3 23. Nxf3 Ra6 24. e4 fxe4 25. dxe4 dxe4 26. Qxe4 Ng7 27. Qd3 Qf5 28. Qc3
Ra8 29. Ng5 h6 30. Qb3+ Ne6 31. Nxe6 Qxe6 32. Qxb7 Ne7 33. Rfe1 Qf6 34. Qb3+ Nd5
35. Rxe8+ Rxe8 36. Nc3 Kh7 37. Nxd5 cxd5 38. Qxd5 Bc7 39. Qb5 Re7 40. Bc5 Rf7
41. Rd7 g5 42. Qd3+ Kg8 43. Rxf7 Qxf7 44. fxg5 hxg5 45. b3 Qe6 46. Qe3 Qxe3+ 47.
Bxe3 g4 48. Kg2 Kf7 49. Bf4 Bb6 50. h3 gxh3+ 51. Kxh3 Bc5 52. a4 Ke6 53. Bc7 Bb4
54. g4 Kd7 55. Be5 Ke6 56. Bb2 Kd5 57. g5 Ke4 58. g6 Bf8 59. Bc3 Kd3 60. Bxa5
Kc2 61. b4 Kb3 62. b5 Kxa4 63. b6 1-0